Innovative Behaviors and the Use of CSR Sources: Evidence from Firms Located in France (notice n° 1575685)

détails MARC
000 -LEADER
fixed length control field 01718cam a2200241 4500500
005 - DATE AND TIME OF LATEST TRANSACTION
control field 20251214033240.0
041 ## - LANGUAGE CODE
Language code of text/sound track or separate title fre
042 ## - AUTHENTICATION CODE
Authentication code dc
100 10 - MAIN ENTRY--PERSONAL NAME
Personal name Bertrand, Daisy
Relator term author
245 00 - TITLE STATEMENT
Title Innovative Behaviors and the Use of CSR Sources: Evidence from Firms Located in France
260 ## - PUBLICATION, DISTRIBUTION, ETC.
Date of publication, distribution, etc. 2025.<br/>
500 ## - GENERAL NOTE
General note 51
520 ## - SUMMARY, ETC.
Summary, etc. This study explores innovative behaviors and the use of CSR sources. The Community Innovation Survey (CIS) extends the current discussion on the characterization of strategic innovators profiles. Employing a typological analysis on eleven sources of information, we identified four types of French manufacturing company profiles, each corresponding to a distinct innovation strategy (Reactors, Defenders, Analyzers, and Prospectors). They are described considering three types of innovation (simple, complex, and extended complex) and the type of CSR sources (from responsive to strategic) with a focus on their innovation sources (internal, market, and all sources of information). Our findings suggest that companies need to strategically manage their stakeholders to develop a sustainable competitive advantage and promote innovation complexity. JEL Codes: O30, O00, M2
690 ## - LOCAL SUBJECT ADDED ENTRY--TOPICAL TERM (OCLC, RLIN)
Topical term or geographic name as entry element Complex and Extended Complex Innovators
690 ## - LOCAL SUBJECT ADDED ENTRY--TOPICAL TERM (OCLC, RLIN)
Topical term or geographic name as entry element Corporate Social Responsibility
690 ## - LOCAL SUBJECT ADDED ENTRY--TOPICAL TERM (OCLC, RLIN)
Topical term or geographic name as entry element CSR Sources
690 ## - LOCAL SUBJECT ADDED ENTRY--TOPICAL TERM (OCLC, RLIN)
Topical term or geographic name as entry element Responsive and Strategic CSR
690 ## - LOCAL SUBJECT ADDED ENTRY--TOPICAL TERM (OCLC, RLIN)
Topical term or geographic name as entry element Single
700 10 - ADDED ENTRY--PERSONAL NAME
Personal name Mathieu, Annelise
Relator term author
700 10 - ADDED ENTRY--PERSONAL NAME
Personal name Mercuri Chapuis, Sylvaine
Relator term author
786 0# - DATA SOURCE ENTRY
Note Journal of Innovation Economics & Management | o 46 | 1 | 2025-01-17 | p. 231-260
856 41 - ELECTRONIC LOCATION AND ACCESS
Uniform Resource Identifier <a href="https://shs.cairn.info/journal-of-innovation-economics-2025-1-page-231?lang=en&redirect-ssocas=7080">https://shs.cairn.info/journal-of-innovation-economics-2025-1-page-231?lang=en&redirect-ssocas=7080</a>

Pas d'exemplaire disponible.

PLUDOC

PLUDOC est la plateforme unique et centralisée de gestion des bibliothèques physiques et numériques de Guinée administré par le CEDUST. Elle est la plus grande base de données de ressources documentaires pour les Étudiants, Enseignants chercheurs et Chercheurs de Guinée.

Adresse

627 919 101/664 919 101

25 boulevard du commerce
Kaloum, Conakry, Guinée

Réseaux sociaux

Powered by Netsen Group @ 2025